Statistics for World Map 30 X 32 Puzzle - 1 Million Cities starting with a vowel

Click here to take the quiz!

General Stats

  • This quiz has been taken 588 times
  • The average score is 89 of 179

Answer Stats

PieceTYPE-IN% Correct
9 Istanbul, Ankara, Izmir, Alexandria, Aleppo, Athens, Adana, Antalya, Erbil
88%
3 Atlanta, Orlando, Austin
87%
8 Istanbul, Ankara, Izmir, Aleppo, Athens, Adana, Yerevan, Erbil
87%
3 Atlanta, Austin, Oklahoma City
86%
5 Istanbul, Ankara, Izmir, Athens, Odessa
86%
4 Istanbul, Ankara, Izmir, Athens
84%
5 Istanbul, Ankara, Izmir, Athens, Antalya
84%
Oslo
83%
Oslo
83%
Oslo
83%
Oslo
83%
Oslo
83%
7 Ibadan, Abuja, Yaoundé, Accra, Abidjan, Onitsha, Aba
80%
5 Ibadan, Abuja, Accra, Onitsha, Aba
79%
3 Austin, Oklahoma City, El Paso
78%
3 Atlanta, Indianapolis, Oklahoma City
78%
2 Amsterdam, Antwerp
77%
2 Amsterdam, Antwerp
77%
2 Amsterdam, Antwerp
77%
2 Amsterdam, Antwerp
77%
2 Amsterdam, Antwerp
77%
Auckland
77%
Auckland
77%
Auckland
77%
Auckland
77%
Auckland
77%
3 Algiers, Oran, Agadir
76%
7 Isfahan, Alexandria, Aleppo, Amman, Adana, Ahvaz, Erbil
76%
2 Algiers, Oran
75%
2 Algiers, Agadir
75%
3 Alexandria, Amman, Antalya
75%
Addis Ababa
75%
Addis Ababa
75%
Addis Ababa
75%
Addis Ababa
75%
Addis Ababa
75%
2 Atlanta, Indianapolis
74%
Algiers
74%
2 Algiers, Antalya
74%
Adelaide
73%
Adelaide
73%
Adelaide
73%
Adelaide
73%
Adelaide
73%
4 Accra, Abidjan, Onitsha, Aba
72%
2 Austin, El Paso
72%
2 Orlando, Austin
71%
4 Ibadan, Abuja, Ouagadougou, Abidjan
71%
4 Yaoundé, Accra, Onitsha, Aba
71%
Antananarivo
70%
4 Isfahan, Amman, Ahvaz, Abu Dhabi
70%
Antananarivo
70%
Antananarivo
70%
Antananarivo
70%
Antananarivo
70%
5 Yantai, Osaka, Okayama, Yancheng, Ulsan
70%
3 Osaka, Okayama, Ulsan
70%
2 Indianapolis, Ottawa
69%
2 Indianapolis, Ottawa
69%
Osaka
69%
Osaka
69%
Osaka
69%
Atlanta
68%
3 Ibadan, Abuja, Ouagadougou
68%
2 Amman, Abu Dhabi
68%
Asunción
67%
Asunción
67%
Asunción
67%
Asunción
67%
Asunción
67%
3 Accra, Onitsha, Aba
66%
3 Ibadan, Abuja, Yaoundé
64%
3 Agra, Abu Dhabi, Alīgarh
64%
5 Aleppo, Amman, Adana, Antalya, Erbil
62%
7 Ahmedabad, Indore, Agra, Aurangabad, Allahabad, Amritsar, Alīgarh
62%
6 Ahmedabad, Indore, Agra, Aurangabad, Āsansol, Alīgarh
62%
Alexandria
61%
Alexandria
61%
Ulan Bator
61%
2 Yinchuan, Ulan Bator
61%
Ulan Bator
61%
Ulan Bator
61%
Ulan Bator
61%
Edmonton
61%
Edmonton
61%
Edmonton
61%
Edmonton
61%
Edmonton
61%
Ottawa
59%
Ottawa
59%
Ottawa
59%
3 Isfahan, Ahvaz, Abu Dhabi
58%
2 Alma-Ata, Ashgabat
56%
2 Alma-Ata, Ashgabat
56%
2 Yerevan, Ashgabat
52%
6 Isfahan, Aleppo, Adana, Yerevan, Ahvaz, Erbil
52%
2 Yerevan, Ashgabat
52%
Abu Dhabi
51%
3 Ahmedabad, Indore, Aurangabad
51%
2 Ürümqi, Alma-Ata
51%
3 Ahmedabad, Indore, Aurangabad
51%
2 Alma-Ata, Omsk
51%
2 Ürümqi, Alma-Ata
51%
5 Ahmedabad, Indore, Aurangabad, Āsansol, Allahabad
51%
3 Yekaterinburg, Omsk, Ufa
47%
2 Oklahoma City, El Paso
47%
2 Indianapolis, Oklahoma City
45%
Orlando
44%
Orlando
44%
Orlando
44%
2 Yekaterinburg, Omsk
43%
Ouagadougou
42%
Ouagadougou
42%
Ouagadougou
42%
Ashgabat
42%
Abidjan
41%
Abidjan
41%
Ürümqi
39%
Ürümqi
39%
Ürümqi
39%
2 Omsk, Ufa
36%
2 Yekaterinburg, Ufa
35%
2 Aguascalientes, El Paso
34%
3 Agra, Amritsar, Alīgarh
33%
4 Agra, Āsansol, Allahabad, Alīgarh
32%
El Paso
32%
Odessa
30%
Odessa
30%
Odessa
30%
Odessa
30%
Omsk
30%
2 Oran, Agadir
28%
Yerevan
27%
Yekaterinburg
26%
Yekaterinburg
26%
2 Yangon, Āsansol
26%
2 Yangon, Āsansol
26%
Yaoundé
25%
Yaoundé
25%
Yangon
25%
Yangon
25%
Yangon
25%
3 Isfahan, Amritsar, Ahvaz
23%
Oran
22%
Oran
22%
7 Anshan, Yantai, Okayama, Yangzhou, Yiwu, Yancheng, Ulsan
17%
Ufa
16%
Ufa
16%
3 Anshan, Okayama, Ulsan
14%
4 Anshan, Yantai, Yinchuan, Yancheng
13%
Agadir
12%
Agadir
12%
2 Anshan, Yinchuan
12%
Anshan
12%
Yogyakarta
9%
Yogyakarta
9%
Yogyakarta
9%
Yogyakarta
9%
Yogyakarta
9%
2 Allahabad, Amritsar
8%
Amritsar
7%
5 Yantai, Yangzhou, Yiwu, Yancheng, Yichang
7%
4 Okayama, Yangzhou, Yiwu, Ulsan
7%
3 Yangzhou, Yiwu, Yichang
6%
Aguascalientes
5%
Angeles
5%
2 Yangzhou, Yiwu
5%
Angeles
5%
Angeles
5%
Angeles
5%
Angeles
5%
Aguascalientes
5%
Aguascalientes
5%
Aguascalientes
5%
Allahabad
3%
4 Yantai, Yinchuan, Yancheng, Yichang
3%
Yichang
2%
Yichang
2%
Yinchuan
1%

Score Distribution

Percentile by Number Answered

Percent of People with Each Score

Your Score History

You have not taken this quiz